| 000 | 00863nam a22001937a 4500 | ||
|---|---|---|---|
| 999 |
_c147093 _d147093 |
||
| 005 | 20230607165737.0 | ||
| 010 | _aUR-9875 | ||
| 020 | 6 |
_a8180882780 _c120.00 |
|
| 035 | _aU-8430 | ||
| 037 | _bDBAD/PUB | ||
| 082 | _a330 | ||
| 100 | _aصد یقی محمد نجا ت اللہ | ||
| 245 |
_aغیر سو د ی بینک کا ر ی / _cصد یقی محمد نجا ت اللہ |
||
| 246 |
_bGhair Soodi Bank Kari / _aby Mohd. Nijatullah Siddiqui |
||
| 260 |
_aNew Delhi _bMerkazi Maktaba Islami Publishers _c2011 |
||
| 270 |
_aD307,Dawat Nagar,Abul Fazal Enclave,Jamia Nagar , _bNew Delhi _e110025 _k01126971652 _l- |
||
| 300 |
_a250ص _c22cm(pbk) |
||
| 942 |
_2ddc _cUR _h330 _mص د ی _e |
||